الوقوع في دائرة السحر : (Record no. 5962)

MARC details
000 -LEADER
fixed length control field 00640nam a22001817a 4500
005 - DATE AND TIME OF LATEST TRANSACTION
control field 20251108164206.0
008 - FIXED-LENGTH DATA ELEMENTS--GENERAL INFORMATION
fixed length control field 250721s1982 xx 000 0 ara d
082 14 - DEWEY DECIMAL CLASSIFICATION NUMBER
Classification number 820.09/موس
100 1# - MAIN ENTRY--PERSONAL NAME
Personal name الموسوي، محسن جاسم
245 10 - TITLE STATEMENT
Title الوقوع في دائرة السحر :
Remainder of title الف ليلة و ليلة في النقد الأدبي الإنكليزي /
264 1# - PRODUCTION, PUBLICATION, DISTRIBUTION, MANUFACTURE, AND COPYRIGHT NOTICE
Place of production, publication, distribution, manufacture بغداد :
Name of producer, publisher, distributor, manufacturer وزارة الثقافة و الاعلام،
Date of production, publication, distribution, manufacture, or copyright notice 1982.
300 ## - PHYSICAL DESCRIPTION
Extent 429ص
650 17 - SUBJECT ADDED ENTRY--TOPICAL TERM
Topical term or geographic name as entry element الأدب الإنجليزي
650 17 - SUBJECT ADDED ENTRY--TOPICAL TERM
Topical term or geographic name as entry element النقد الأدبي
650 17 - SUBJECT ADDED ENTRY--TOPICAL TERM
Topical term or geographic name as entry element الروايات العربية
942 ## - ADDED ENTRY ELEMENTS (KOHA)
Source of classification or shelving scheme Dewey Decimal Classification
Koha item type Books
Holdings
حالة السحب حالة الفقدان مصدر التصنيف حالة التلف غير قابل للإعارة المكتبة الرئيسية المكتبة الحالية موقع الرف تاريخ التزويد الرقم المتسلسل Total Checkouts رقم الإستدعاء الباركود تاريخ آخر ظهور تاريخ الفاتورة نوع المادة (كوها)
    Dewey Decimal Classification     المكتبة المركزية المكتبة المركزية الإعارة 06/07/2004 428323   820.09/موس 428323 28/07/2025 06/07/2004 Books
Implemented & Customized by: BBB with SCIT (Smart Chains for Information Technology)

Powered by Koha